El capitalismo contemporaneo / (Registro nro. 5455)

Detalles MARC
000 -LEADER
fixed length control field 01183nam a2200289Ia 4500
003 - CONTROL NUMBER IDENTIFIER
control field OSt
005 - DATE AND TIME OF LATEST TRANSACTION
control field 20200611165833.0
008 - FIXED-LENGTH DATA ELEMENTS--GENERAL INFORMATION
fixed length control field 191128s1960 mx gr 001 0 spa d
040 ## - CATALOGING SOURCE
Original cataloging agency CO-JMCR
Transcribing agency CO-JMCR
041 1# - LANGUAGE CODE
Language code of text/sound track or separate title spa
Language code of original eng
082 04 - DEWEY DECIMAL CLASSIFICATION NUMBER
Classification number 330.122 /
Item number S894c
Edition number 23
100 1# - MAIN ENTRY--PERSONAL NAME
Personal name Strachey, John,
Relator term autor
9 (RLIN) 5525
245 13 - TITLE STATEMENT
Title El capitalismo contemporaneo /
Statement of responsibility, etc. John Strachey ; traducción de Francisco González Aramburo
250 ## - EDITION STATEMENT
Edition statement Primera edición
260 ## - PUBLICATION, DISTRIBUTION, ETC.
Place of publication, distribution, etc. México :
Name of publisher, distributor, etc. Fondo de Cultura Económica,
Date of publication, distribution, etc. 1960.
300 ## - PHYSICAL DESCRIPTION
Extent 323 páginas ;
Dimensions 21 cm.
490 0# - SERIES STATEMENT
Series statement Sección de obras de economía
500 ## - GENERAL NOTE
General note Incluye índice analítico páginas 313-318.
505 ## - FORMATTED CONTENTS NOTE
Formatted contents note Método y propósito del estudio -- La nueva etapa del capitalismo -- Los economistas del valor -- El valor y los economistas -- Marx -- La doctrina de la pobreza siempre creciente -- La medición, el valor y los límites de la economía
534 ## - ORIGINAL VERSION NOTE
Introductory phrase Comteporary capitalism
546 ## - LANGUAGE NOTE
Language note Traducido del inglés
650 14 - SUBJECT ADDED ENTRY--TOPICAL TERM
Topical term or geographic name entry element Capitalismo
9 (RLIN) 5526
650 24 - SUBJECT ADDED ENTRY--TOPICAL TERM
Topical term or geographic name entry element Historia Economía
9 (RLIN) 5102
650 24 - SUBJECT ADDED ENTRY--TOPICAL TERM
Topical term or geographic name entry element Pobreza Socialismo
9 (RLIN) 5527
700 1# - ADDED ENTRY--PERSONAL NAME
Personal name González Aramburo, Francisco,
Relator term traductor
9 (RLIN) 5173
942 ## - ADDED ENTRY ELEMENTS (KOHA)
Source of classification or shelving scheme Dewey Decimal Classification
Koha item type Books
Existencias
Withdrawn status Lost status Source of classification or shelving scheme Materials specified (bound volume or other part) Damaged status Not for loan Home library Current library Shelving location Date acquired Source of acquisition Cost, normal purchase price Total Checkouts Full call number Barcode Date last seen Date last checked out Copy number Price effective from Koha item type
    Dewey Decimal Classification Donación--15/04/2018--     Biblioteca Pública José María del Castillo y Rada Biblioteca Pública José María del Castillo y Rada General Stacks 11/28/2019 Donación 0.00 2 330.122 / S894c 430001947 09/19/2024 09/19/2024 Ej.1 11/28/2019 Books